Sổ chi tiết doanh thu

Na minha lista:
Detalhes bibliográficos
Formato: Livro
Idioma:Undetermined
Assuntos:
Tags: Adicionar Tag
Sem tags, seja o primeiro a adicionar uma tag!
Thư viện lưu trữ: Trung tâm Học liệu Trường Đại học Cần Thơ
LEADER 00383nam a2200133Ia 4500
001 CTU_148409
008 210402s9999 xx 000 0 und d
020 |c 13000 
082 |a 651.3 
082 |b S450 
245 0 |a Sổ chi tiết doanh thu 
650 |a Office management,Quản trị văn phòng 
904 |i Tuyến 
980 |a Trung tâm Học liệu Trường Đại học Cần Thơ